000 00379nam a2200145Ia 4500
008 231129s1992||||xx |||||||||||||| ||spa||
020 _a84-86424-23-2
040 _bspa
082 _aR 612.6 Z75s
100 _aZimmermann Max
245 0 _aSexualidad y planificacion familiar
260 _c1992
264 _aCultural
942 _2ddc
_cBKS
999 _c24544
_d24544